000 00595nam a2200193 a 4500
005 20140310183549.0
008 111005s19uu xx 00 eng d
020 _a9789719395249
050 _aHF 5438
_b.D362 2010
100 _ade los Reyes, Rodolfo A.
245 _aFocus your desire :
_bstrategize to hit your targets /
_cRodolfo A. de los Reyes,.
260 _aPasig City :
_bRAdelos Reyes Management Consultancy,
_c2010.
300 _a136 p. :
_bill. ;
_c23 cm.
521 _aBSBA
650 _aBusiness strategies
650 _aSalesmanship
942 _cBK
_2lcc
_kLOC
999 _c24925
_d24925